000 00542nam a2200169 4500
001 131517
003 ES-MaACL
005 20230906194009.0
007 t|
008 070214s1906 sp r ||||1| spa d
100 1 _aRodríguez y Fernández, Ildefonso.
_998869
245 1 0 _aCompendio de Historia Crítica de la Medicina e introducción a la misma /
_cpor D. Ildefonso Rodríguez y Fernández.
250 _a2ª ed.
260 _aMadrid :
_bBernardo Rodríguez,
_c1906.
300 _a2 v. ;
_c22 x 15 cm.
852 _aES-MaACL
_jB-11217-18
999 _c131517
_d131517